[Event "NATO-ch 23nd"]
[Site "Brest"]
[Date "2012.10.01"]
[Round "1.4"]
[White "Pedersen, Finn"]
[Black "Choate, Paul"]
[Result "1-0"]
[WhiteElo "2291"]
[BlackElo "2024"]
[PlyCount "139"]
[EventDate "2012.10.01"]
[EventType "swiss"]
[EventRounds "7"]
[EventCountry "FRA"]

1. c4 e6 2. d4 Nf6 3. Bg5 h6 4. Bxf6 Qxf6 5. Nf3 b6 6. e3 Bb7 7. Be2 Bb4+ 8.
Nbd2 O-O 9. a3 Bxd2+ 10. Qxd2 d6 11. O-O Nd7 12. b4 Rfd8 13. Rfd1 a5 14. Ne1 e5
15. Bf3 e4 16. Bg4 Nf8 17. b5 Qg5 18. Bh3 f5 19. g3 Qh5 20. Bf1 Nd7 21. Qe2 Qf7
22. Rac1 g5 23. Bg2 g4 24. h3 h5 25. Bf1 Nf6 26. h4 Nd7 27. Ng2 Kh7 28. Nf4 Re8
29. Qb2 Rac8 30. Rd2 Re7 31. Be2 Kh6 32. Bd1 Qf6 33. Bb3 Qg7 34. Qa2 Rce8 35.
c5 bxc5 36. Ne6 Qf6 37. Nxc7 Rc8 38. Nd5 Bxd5 39. Bxd5 Rb8 40. Bc6 cxd4 41.
Rxd4 Ne5 42. Kg2 Nd3 43. Rd1 Rd8 44. Qd2 a4 45. Qa5 Rf8 46. b6 Re5 47. Qxa4 Nb2
48. Qb4 Nxd1 49. Rxd6 Re6 50. Rxe6 Qxe6 51. Qxf8+ Kh7 52. Qd8 Nxe3+ 53. fxe3
Qa2+ 54. Kf1 Qb1+ 55. Ke2 Qc2+ 56. Qd2 Qxc6 57. Qb2 Qc4+ 58. Kf2 Qd3 59. b7 f4
60. gxf4 g3+ 61. Kxg3 Qxe3+ 62. Kg2 Qf3+ 63. Kg1 e3 64. Qc2+ Kh6 65. b8=Q Qg3+
66. Kf1 Qf3+ 67. Ke1 Qh1+ 68. Ke2 Qg2+ 69. Kd3 e2 70. Qh8+ 1-0

[Event "NATO-ch 23nd"]
[Site "Brest"]
[Date "2012.10.01"]
[Round "1.7"]
[White "Patron, Pascal"]
[Black "Rosenkilde, Alexander"]
[Result "0-1"]
[WhiteElo "2015"]
[BlackElo "2260"]
[PlyCount "78"]
[EventDate "2012.10.01"]
[EventType "swiss"]
[EventRounds "7"]
[EventCountry "FRA"]

1. e4 c5 2. d4 cxd4 3. c3 dxc3 4. Nxc3 Nc6 5. Nf3 d6 6. Bc4 a6 7. O-O Nf6 8. e5
dxe5 9. Qxd8+ Nxd8 10. Nxe5 e6 11. Rd1 Nd7 12. Bf4 Nxe5 13. Bxe5 Nc6 14. Bc7
Bd7 15. Ne4 Rc8 16. Bb6 Nb4 17. Rac1 Bc6 18. Bb3 Be7 19. a3 Nd5 20. Bxd5 exd5
21. Rxd5 O-O 22. Re5 Bxe4 23. Re1 Bxg2 24. Rxe7 Bf3 25. R7e3 Bd5 26. Bd4 Rc4
27. Bc3 Be6 28. Rg3 g6 29. Bf6 Rfc8 30. Bc3 Rd8 31. h4 Rd5 32. Bf6 Rf5 33. Bg5
Rc2 34. h5 h6 35. Bxh6 Rxh5 36. Bf4 Rxb2 37. Rd3 Kh7 38. Rd8 Bd5 39. Rxd5 Rxd5
0-1

[Event "NATO-ch 23nd"]
[Site "Brest"]
[Date "2012.10.01"]
[Round "1.20"]
[White "De Waard, Marco"]
[Black "Kocur, Marc"]
[Result "1/2-1/2"]
[WhiteElo "2117"]
[BlackElo "1891"]
[PlyCount "79"]
[EventDate "2012.10.01"]
[EventType "swiss"]
[EventRounds "7"]
[EventCountry "FRA"]

1. d4 d6 2. c4 e5 3. Nf3 e4 4. Ng5 Nf6 5. Nc3 Bf5 6. h4 h6 7. Nh3 c6 8. e3 Be7
9. h5 Na6 10. Nf4 Nc7 11. d5 Qd7 12. f3 Bh7 13. Bd2 O-O 14. Be2 cxd5 15. cxd5
b5 16. b4 a5 17. a3 axb4 18. axb4 Rxa1 19. Qxa1 Ra8 20. Qb2 Kh8 21. O-O exf3
22. gxf3 Ng8 23. Ne4 Bxe4 24. fxe4 Bf6 25. Bc3 Qe7 26. Bf3 Ne8 27. Bg2 Rc8 28.
Bd4 Be5 29. Nd3 Bxd4 30. exd4 Ngf6 31. e5 Nxh5 32. Qf2 Rc7 33. Ra1 Ra7 34. Rc1
Ra3 35. Nf4 Qg5 36. Ne2 Ng3 37. Re1 Kg8 38. e6 f6 39. Nxg3 Rxg3 40. Ra1 1/2-1/2

[Event "NATO-ch 23nd"]
[Site "Brest"]
[Date "2012.10.01"]
[Round "1.28"]
[White "Oltean, Gusztav"]
[Black "Giedraitis, Mingaudas"]
[Result "1-0"]
[WhiteElo "2081"]
[BlackElo "1800"]
[PlyCount "141"]
[EventDate "2012.10.01"]
[EventType "swiss"]
[EventRounds "7"]
[EventCountry "FRA"]

1. Nf3 Nf6 2. g3 e6 3. Bg2 d5 4. O-O c5 5. d3 Nc6 6. Nbd2 Be7 7. e4 dxe4 8.
dxe4 e5 9. c3 O-O 10. Qc2 Qc7 11. Nc4 Be6 12. Ne3 h6 13. b3 Rfd8 14. Bb2 b5 15.
Rfd1 g6 16. Ne1 Kg7 17. Nd5 Qb7 18. f4 c4 19. f5 Bxd5 20. exd5 Bc5+ 21. Kh1 Ne7
22. d6 Ned5 23. Rxd5 Nxd5 24. Qe4 gxf5 25. Qxe5+ f6 26. Qxd5 Qxd5 27. Bxd5 Rab8
28. Bg2 Bxd6 29. Nf3 f4 30. Nd4 Rd7 31. Bh3 f5 32. Bxf5 Rf7 33. Bg4 Kg6 34. Rf1
Rf6 35. gxf4 Rxf4 36. Rxf4 Bxf4 37. Kg2 a5 38. Nc6 Ra8 39. Bf3 Ra6 40. Ne7+ Kg5
41. Nd5 cxb3 42. axb3 a4 43. bxa4 bxa4 44. Ba3 Bd6 45. Nb4 Bxb4 46. cxb4 Rd6
47. b5 Rd2+ 48. Kg3 Rd3 49. Bc1+ Kf6 50. b6 Rb3 51. b7 Ke6 52. Bxh6 a3 53. Bg7
Kf5 54. h4 Kg6 55. Bh8 Kh7 56. Be5 a2 57. Kf4 Rb5 58. Be4+ Kh6 59. Bc3 Kh5 60.
Bf6 Rb6 61. Bf3+ Kh6 62. Bh8 Kh7 63. Ba1 Kh6 64. h5 Rb1 65. Be5 Rb5 66. Bh8 Kh7
67. Ba1 Rb1 68. Be4+ Kh6 69. Bh8 Kxh5 70. Kf5 Rb5+ 71. Ke6 1-0

[Event "NATO-ch 23nd"]
[Site "Brest"]
[Date "2012.10.01"]
[Round "1.34"]
[White "Hansen, Stefan"]
[Black "Bellemare, Regis"]
[Result "1-0"]
[WhiteElo "2062"]
[BlackElo "1764"]
[PlyCount "123"]
[EventDate "2012.10.01"]
[EventType "swiss"]
[EventRounds "7"]
[EventCountry "FRA"]

1. d4 Nf6 2. c4 e6 3. g3 Bb4+ 4. Bd2 Bxd2+ 5. Qxd2 d5 6. Bg2 O-O 7. Nc3 dxc4 8.
Nf3 Nbd7 9. O-O Nb6 10. Rfd1 c6 11. e4 Qe7 12. a4 a5 13. Qe3 Ng4 14. Qe2 Rd8
15. e5 Nh6 16. Ne4 Nf5 17. g4 Nh4 18. Nxh4 Qxh4 19. Ra3 Nd5 20. Qf3 Rf8 21. Nd6
f6 22. Qg3 Qxg3 23. hxg3 fxe5 24. dxe5 Nb6 25. Be4 Rb8 26. Kg2 Bd7 27. Rh1 g6
28. Raa1 Kg7 29. Bc2 Be8 30. Ne4 h6 31. Rad1 Nd5 32. Nc5 Nc7 33. Rd6 Rf7 34.
Nxe6+ Nxe6 35. Rxe6 Rd7 36. Rd1 Rxd1 37. Bxd1 Kf7 38. Rd6 Ke7 39. Bc2 Rd8 40.
Rxd8 Kxd8 41. f4 Ke7 42. f5 g5 43. Kf2 b5 44. axb5 cxb5 45. Ke3 b4 46. Kd4 b3
47. Be4 Bb5 48. f6+ Ke8 49. e6 a4 50. Kc3 a3 51. bxa3 Kf8 52. Bg6 Be8 53. e7+
Kg8 54. Bxe8 b2 55. f7+ Kh7 56. Kxb2 c3+ 57. Kc1 c2 58. f8=Q h5 59. Qf7+ Kh8
60. Qf6+ Kh7 61. Bg6+ Kg8 62. e8=R# 1-0